Conversations in nursing professional development / (Record no. 314)
[ view plain ]
| 000 -LEADER | |
|---|---|
| fixed length control field | 01042cam a22003137a 4500 |
| 001 - CONTROL NUMBER | |
| control field | 14006844 |
| 003 - CONTROL NUMBER IDENTIFIER | |
| control field | OSt |
| 005 - DATE AND TIME OF LATEST TRANSACTION | |
| control field | 20210213163504.0 |
| 008 - FIXED-LENGTH DATA ELEMENTS--GENERAL INFORMATION | |
| fixed length control field | 050617s2002 flua b 001 0 eng d |
| 010 ## - LIBRARY OF CONGRESS CONTROL NUMBER | |
| LC control number | 2005531082 |
| 020 ## - INTERNATIONAL STANDARD BOOK NUMBER | |
| Canceled/invalid ISBN | 0971744906 |
| 035 ## - SYSTEM CONTROL NUMBER | |
| System control number | (OCoLC)ocm53067231 |
| 040 ## - CATALOGING SOURCE | |
| Original cataloging agency | OMC |
| Transcribing agency | OMC |
| Modifying agency | OCLCQ |
| -- | DLC |
| -- | PHNSL |
| 042 ## - AUTHENTICATION CODE | |
| Authentication code | lccopycat |
| 050 00 - LIBRARY OF CONGRESS CALL NUMBER | |
| Classification number | RT76 |
| Item number | .C678 2002 |
| 082 00 - DEWEY DECIMAL CLASSIFICATION NUMBER | |
| Classification number | 610.73/071/1 |
| Edition number | 22 |
| 245 00 - TITLE STATEMENT | |
| Title | Conversations in nursing professional development / |
| Statement of responsibility, etc. | Belinda E. Puetz, Julia W. Aucoin, Editors. |
| 260 ## - PUBLICATION, DISTRIBUTION, ETC. | |
| Place of publication, distribution, etc. | Pensacola, FL : |
| Name of publisher, distributor, etc. | Pohl Pub., |
| Date of publication, distribution, etc. | 2002. |
| 300 ## - PHYSICAL DESCRIPTION | |
| Extent | x, 413 p. : |
| Other physical details | ill. ; |
| Dimensions | 28 cm. |
| 504 ## - BIBLIOGRAPHY, ETC. NOTE | |
| Bibliography, etc. note | Includes bibliographical references and index. |
| 650 #0 - SUBJECT ADDED ENTRY--TOPICAL TERM | |
| Topical term or geographic name entry element | Nursing |
| General subdivision | Study and teaching (Continuing education) |
| 650 #0 - SUBJECT ADDED ENTRY--TOPICAL TERM | |
| Topical term or geographic name entry element | Nurses |
| General subdivision | In-service training. |
| 650 #0 - SUBJECT ADDED ENTRY--TOPICAL TERM | |
| Topical term or geographic name entry element | Career development. |
| 700 1# - ADDED ENTRY--PERSONAL NAME | |
| Personal name | Puetz, Belinda E. |
| 700 1# - ADDED ENTRY--PERSONAL NAME | |
| Personal name | Aucoin, Julia W. |
| 906 ## - LOCAL DATA ELEMENT F, LDF (RLIN) | |
| a | 7 |
| b | cbc |
| c | copycat |
| d | 2 |
| e | ncip |
| f | 20 |
| g | y-gencatlg |
| 942 ## - ADDED ENTRY ELEMENTS (KOHA) | |
| Source of classification or shelving scheme | Library of Congress Classification |
| Koha item type | Books |
| Withdrawn status | Lost status | Source of classification or shelving scheme | Damaged status | Not for loan | Home library | Current library | Shelving location | Date acquired | Full call number | Barcode | Date last seen | Copy number | Price effective from | Koha item type | Public note |
|---|---|---|---|---|---|---|---|---|---|---|---|---|---|---|---|
| Library of Congress Classification | Public Health Nurses School | Public Health Nurses School | General Stacks | 02/13/2021 | RT76.C76 | 00808 | 02/13/2021 | c.1 | 02/13/2021 | Books | ekp 13/02/21 |
